000 00240 a2200073 4500
245 0 _aSpravocnik po elementam radioelektronnych ustrojstv /
_cDulin V.N., Zuk M.S..
710 2 _aEnergija.
_eWydawca
_4pbl
260 _aMoskva :
_bEnergija,
_c1977.
300 _a575 s.;
_c34 cm.
999 _c11878
_d11878